Odpisovanie nehmotného majetku podľa IAS/IFRS a US GAAP
Doba životnosti nehmotného majetku - nehmotný majetok s určitou životnosťou a nehmotný majetok s neurčitou životnosťou. Odpisovanie (amortizácia) nehmotného majetku. Zavedenie nového prístupu odpisovania (amortizácie) podľa IAS/IFRS bolo ovplyvnené pravidlami US GAAP (štandard SFAS 142 Goodwill a os...
Gespeichert in:
| 1. Verfasser: | |
|---|---|
| Weitere Verfasser: | |
| Format: | Buchkapitel |
| Sprache: | Slowakisch |
| Schlagworte: | |
| Tags: |
Keine Tags, Fügen Sie das erste Tag hinzu!
|
MARC
| LEADER | 00000nla$a2200000$$$4500 | ||
|---|---|---|---|
| 001 | 0088188 | ||
| 005 | 20240613071036.7 | ||
| 041 | 0 | |a slo | |
| 044 | |a SK | ||
| 245 | 1 | 0 | |a Odpisovanie nehmotného majetku podľa IAS/IFRS a US GAAP |c Tímea Göghová, Ladislav Kareš |
| 520 | |a Doba životnosti nehmotného majetku - nehmotný majetok s určitou životnosťou a nehmotný majetok s neurčitou životnosťou. Odpisovanie (amortizácia) nehmotného majetku. Zavedenie nového prístupu odpisovania (amortizácie) podľa IAS/IFRS bolo ovplyvnené pravidlami US GAAP (štandard SFAS 142 Goodwill a ostatný nehmotný majetok), kde boli podobné pravidlá zavedené už skôr. | ||
| 610 | 2 | 0 | |a majetok nehmotný |
| 610 | 2 | 0 | |a odpisy |
| 610 | 2 | 0 | |a amortizácia |
| 610 | 2 | 0 | |a štandardy účtovné medzinárodné |
| 100 | 1 | |a Göghová, Tímea | |
| 700 | 1 | |a Kareš, Ladislav | |